00704nam a2200193 i 450000100060000000300090000600500170001500700030003200800410003510000320007624501410010826000660024930000330031570000180034870000440036670000460041070000330045685200210048922446ES-MaACL20250731000433.0t|021203s1871 sp ||||1| spa d0 aDante Alighieri,d1265-132113aLa divina comedia / cde Dante Alighieri ; con notas de Paolo Costa adicionadas ; traducida al castellano por Manuel Aranda y Sanjuán. aBarcelona : bLa Ilustración, c1871 (fTip. Jaime Jepús) a546 p., 16 lám. ; c22 cm.1 aCosta, Paolo.1 aAranda y Sanjuán, Manuel, d1845-19001 aSadurní y Deop, Celestino (d1830-1896)1 aPedró, Tomás,d1840-1877 aES-MaACLjC-3235